Les 20 villes les plus peuplées des Pyrénées Orientales sur une carte - Statistiques

Statistiques générales
  • Ce quiz a été pris 196 fois
  • Le résultat moyen est 11 sur 20
Réponses sur la Carte
Les réponses sont colorées sur une échelle allant du rouge au vert en fonction du pourcentage des utilisateurs qui les ont devinées à leur premier essai. Vous pouvez retrouver ces pourcentages ci-dessous.
 
Statistiques - réponses
Nb Hab. Réponse % Correct
119 656 Perpignan
100%
10 792 Argelès-sur-Mer
86%
6 124 Prades
75%
7 648 Céret
73%
12 598 Canet-en-Roussillon
69%
11 398 Saint-Cyprien
64%
9 099 Rivesaltes
62%
6 049 Le Barcarès
58%
8 173 Thuir
53%
10 338 Cabestany
51%
9 428 Elne
49%
11 550 Saint-Estève
49%
10 733 Pia
46%
7 846 Le Soler
42%
5 538 Ille-sur-Têt
38%
10 010 Saint-Laurent-de-la-Salanque
38%
7 619 Bompas
34%
7 334 Toulouges
34%
6 534 Canohès
29%
5 671 Saleilles
24%
Aucun quiz correspondant
Distribution des résultats
% des personnes avec chaque résultat
Percentile par nombre de réponses
Votre historique - résultats
Vous n’avez pas pris ce quiz